MARC details
| 000 -LEADER |
| fixed length control field |
03087cam a22003975i 4500 |
| 001 - CONTROL NUMBER |
| control field |
14064200 |
| 003 - CONTROL NUMBER IDENTIFIER |
| control field |
EG-ScBUE |
| 005 - DATE AND TIME OF LATEST TRANSACTION |
| control field |
20190930101101.0 |
| 008 - FIXED-LENGTH DATA ELEMENTS--GENERAL INFORMATION |
| fixed length control field |
050804t2005 nyu f b 001 0 eng d |
| 020 ## - INTERNATIONAL STANDARD BOOK NUMBER |
| International Standard Book Number |
0814707181 |
| 020 ## - INTERNATIONAL STANDARD BOOK NUMBER |
| International Standard Book Number |
9780814707180 |
| 035 ## - SYSTEM CONTROL NUMBER |
| System control number |
(OCoLC)ocm61361512 |
| 040 ## - CATALOGING SOURCE |
| Original cataloging agency |
DLC |
| Language of cataloging |
eng |
| Description conventions |
rda |
| Transcribing agency |
DLC |
| Modifying agency |
J2H |
| -- |
C#P |
| -- |
BAKER |
| -- |
DLC |
| -- |
EG-ScBUE |
| 043 ## - GEOGRAPHIC AREA CODE |
| Geographic area code |
a-su--- |
| 082 04 - DEWEY DECIMAL CLASSIFICATION NUMBER |
| Classification number |
953.8053 |
| Item number |
SAU |
| Edition number |
22 |
| 245 00 - TITLE STATEMENT |
| Title |
Saudi Arabia in the balance : |
| Remainder of title |
political economy, society, foreign affairs / |
| Statement of responsibility, etc |
Paul Aarts, Gerd Nonneman, editors. |
| 264 #1 - PUBLICATION, DISTRIBUTION, ETC. (IMPRINT) |
| Place of publication, distribution, etc |
Washington Square, New York : |
| Name of publisher, distributor, etc |
New York University Press, |
| Date of publication, distribution, etc |
[2005] |
| 264 #4 - PUBLICATION, DISTRIBUTION, ETC. (IMPRINT) |
| Date of publication, distribution, etc |
c2005 |
| 300 ## - PHYSICAL DESCRIPTION |
| Extent |
xvi, 462 pages ; |
| Dimensions |
22 cm |
| 336 ## - CONTENT TYPE |
| Content type term |
text |
| Content type code |
txt |
| Source |
rdacontent |
| 337 ## - MEDIA TYPE |
| Media type term |
unmediated |
| Media type code |
n |
| Source |
rdamedia |
| 338 ## - CARRIER TYPE |
| Carrier type term |
volume |
| Carrier type code |
nc |
| Source |
rdacarrier |
| 504 ## - BIBLIOGRAPHY, ETC. NOTE |
| Bibliography, etc |
Includes bibliographical references and index. |
| 505 0# - FORMATTED CONTENTS NOTE |
| Formatted contents note |
Introduction / Paul Aarts and Gerd Nonneman -- Ideology and change -- The Wahhabi ulama and the Saudi state: 1745 to the present / Guido Steinberg -- Islamo-liberal politics in Saudi Arabia / Stephane Lacroix -- The war of ideas: education in Saudi Arabia / Michaela Prokop -- Political economy -- Saudi Arabia's economy: the challenge of reform / Monica Malik and Tim Niblock -- Segmented clientelism: the political economy of Saudi economic reform efforts / Steffen Hertog -- From private sector to national bourgeoisie: Saudi Arabian business / Giacomo Luciani -- Regime and opposition -- Circles of power: royals and society in Saudi Arabia / Madawi al-Rasheed -- Checks, balances and transformation in the Saudi political system / Iris Glosemeyer -- Political opposition in Saudi Arabia / Abdulaziz Sager -- The "cycle of contention" and the limits of terrorism in Saudi Arabia / Roel Meijer -- External relations -- Determinants and patterns of Saudi foreign policy: "omnibalancing" and "relative autonomy" in multiple environments / Gerd Nonneman -- Coping with regional challenges: a case study of crown prince Abdullah's peace initiative / Joseph Kostiner -- Understanding US-Saudi relations / Rachel Bronson -- Events versus trends: the role of energy and security in sustaining the US-Saudi relationship / Paul Aarts -- Conclusions and outlook -- A triple nexus: ideology, economy, foreign policy and the outlook for Saudi polity / Paul Aarts and Gerd Nonneman. |
| 650 #7 - SUBJECT ADDED ENTRY--TOPICAL TERM |
| Topical term or geographic name as entry element |
Opposition (Political science) |
| Geographic subdivision |
Saudi Arabia. |
| Source of heading or term |
BUEsh |
| 651 #7 - SUBJECT ADDED ENTRY--GEOGRAPHIC NAME |
| Geographic name |
Saudi Arabia |
| General subdivision |
Politics and government |
| Chronological subdivision |
20th century. |
| Source of heading or term |
BUEsh |
| 651 #7 - SUBJECT ADDED ENTRY--GEOGRAPHIC NAME |
| Geographic name |
Saudi Arabia |
| General subdivision |
Foreign relations. |
| Source of heading or term |
BUEsh |
| 9 (RLIN) |
21121 |
| 651 #7 - SUBJECT ADDED ENTRY--GEOGRAPHIC NAME |
| Geographic name |
Saudi Arabia |
| General subdivision |
Economic conditions |
| Chronological subdivision |
20th century. |
| Source of heading or term |
BUEsh |
| 653 ## - INDEX TERM--UNCONTROLLED |
| Resource For college |
MASTER - Political Science |
| Arrived date list |
September2019 |
| 700 1# - ADDED ENTRY--PERSONAL NAME |
| Personal name |
Aarts, Paul, |
| Dates associated with a name |
1949- |
| Relator term |
editor. |
| 700 1# - ADDED ENTRY--PERSONAL NAME |
| Personal name |
Nonneman, Gerd, |
| Relator term |
editor. |
| 9 (RLIN) |
34785 |
| 856 41 - ELECTRONIC LOCATION AND ACCESS |
| Materials specified |
Table of contents |
| Uniform Resource Identifier |
<a href="http://www.loc.gov/catdir/toc/ecip0517/2005022732.html">http://www.loc.gov/catdir/toc/ecip0517/2005022732.html</a> |
| 856 42 - ELECTRONIC LOCATION AND ACCESS |
| Materials specified |
Publisher description |
| Uniform Resource Identifier |
<a href="http://www.loc.gov/catdir/enhancements/fy0730/2005022732-d.html">http://www.loc.gov/catdir/enhancements/fy0730/2005022732-d.html</a> |
| 856 42 - ELECTRONIC LOCATION AND ACCESS |
| Materials specified |
Contributor biographical information |
| Uniform Resource Identifier |
<a href="http://www.loc.gov/catdir/enhancements/fy0734/2005022732-b.html">http://www.loc.gov/catdir/enhancements/fy0734/2005022732-b.html</a> |
| 942 ## - ADDED ENTRY ELEMENTS (KOHA) |
| Source of classification or shelving scheme |
Dewey Decimal Classification |
| Koha item type |
Book - Borrowing |